Lý giải những giấc mơ

Quyển sách giới thiệu khái quát về chiêm mộng, phân loại giấc mơ (giấc mơ Trung Quốc cổ đại, cách phân loại giấc mơ thường gặp hiện nay...giải thích những cảnh trong mơ.

محفوظ في:
التفاصيل البيبلوغرافية
المؤلف الرئيسي: Ngô, Nguyên Tông
التنسيق: كتاب
اللغة:Undetermined
منشور في: Đà Nẵng Nhà xuất bản Đà Nẵng 2007
الموضوعات:
الوسوم: إضافة وسم
لا توجد وسوم, كن أول من يضع وسما على هذه التسجيلة!
Thư viện lưu trữ: Trung tâm Học liệu Trường Đại học Cần Thơ
LEADER 00886nam a2200205Ia 4500
001 CTU_124178
008 210402s9999 xx 000 0 und d
020 |c 30000 
082 |a 133.33 
082 |b T455 
100 |a Ngô, Nguyên Tông 
245 0 |a Lý giải những giấc mơ 
245 0 |c Ngô Nguyên Tông; Nguyễn ĐăngThùy Ân biên dịch 
260 |a Đà Nẵng 
260 |b Nhà xuất bản Đà Nẵng 
260 |c 2007 
520 |a Quyển sách giới thiệu khái quát về chiêm mộng, phân loại giấc mơ (giấc mơ Trung Quốc cổ đại, cách phân loại giấc mơ thường gặp hiện nay...giải thích những cảnh trong mơ. 
650 |a Feng-shui,Geomancy,Philosophy, chinese 
904 |i Năm 
980 |a Trung tâm Học liệu Trường Đại học Cần Thơ